Les cimetières militaires français à l'étranger - Statistiques

Statistiques générales
  • Ce quiz a été pris 27 fois
  • Le résultat moyen est 58 sur 83
Statistiques - réponses
Initiale AFRIQUE % Correct
Afrique A ALGERIE
100%
Europe A ALLEMAGNE
86%
Amérique B BRESIL
86%
Europe D DANEMARK
86%
Amérique E ETATS-UNIS
86%
Europe H HONGRIE
86%
Europe A ALBANIE
81%
Europe A AUTRICHE
81%
Europe B BULGARIE
81%
Amérique C CANADA
81%
Europe E ESPAGNE
81%
Europe L LETTONIE
81%
Europe L LITUANIE
81%
Amérique M MEXIQUE
81%
Europe R ROUMANIE
81%
Asie R RUSSIE
81%
Europe S SLOVAQUIE
81%
Afrique T TUNISIE
81%
Europe B BELGIQUE
76%
Afrique C CAMEROUN
76%
Amérique E EQUATEUR
76%
Europe G GRECE
76%
Asie I INDE
76%
Europe I IRLANDE
76%
Asie J JAPON
76%
Europe S SERBIE
76%
Asie T TURQUIE
76%
Europe U UKRAINE
76%
Europe B BIELORUSSIE
71%
Afrique B BURKINA FASO
71%
Europe C CROATIE
71%
Europe F FINLANDE
71%
Afrique G GABON
71%
Europe I ITALIE
71%
Europe K KOSOVO
71%
Asie L LAOS
71%
Asie L LIBAN
71%
Europe L LUXEMBOURG
71%
Afrique M MAROC
71%
Afrique M MAURITANIE
71%
Europe P PAYS-BAS
71%
Amérique P PEROU
71%
Europe P POLOGNE
71%
Europe T TCHEQUIE
71%
Afrique B BENIN
67%
Afrique C CONGO
67%
Asie C COREE-DU-SUD
67%
Afrique E ERYTHREE
67%
Europe E ESTONIE
67%
Afrique E ETHIOPIE
67%
Afrique G GUINEE
67%
Asie I INDONESIE
67%
Asie I IRAN
67%
Afrique L LIBYE
67%
Afrique M MADAGASCAR
67%
Afrique M MALI
67%
Europe N NORVEGE
67%
Afrique S SENEGAL
67%
Europe S SUISSE
67%
Afrique T TCHAD
67%
Afrique T TOGO
67%
Asie V VIETNAM
67%
Afrique C COTE D'IVOIRE
62%
Afrique E EGYPTE
62%
Asie I ISRAEL
62%
Afrique K KENYA
62%
Europe M MACEDOINE
62%
Europe M MALTE
62%
Europe M MONTENEGRO
62%
Afrique N NIGER
62%
Asie P PAKISTAN
62%
Europe R ROYAUME-UNI
62%
Asie S SYRIE
62%
Asie A ARABIE SAOUDITE
57%
Afrique C COMORES
57%
Asie O OUZBEKISTAN
57%
Afrique S SOUDAN
57%
Afrique S SOUDAN-DU-SUD
57%
Asie S SRI LANKA
57%
Afrique D DJIBOUTI
48%
Afrique G GAMBIE
48%
Asie T TAIWAN
48%
Afrique C CENTRAFRIQUE
38%
Aucun quiz correspondant
Distribution des résultats
% des personnes avec chaque résultat
Percentile par nombre de réponses
Votre historique - résultats
Vous n’avez pas pris ce quiz